• 首页
  • 本馆介绍
  • 公告通知
  • 最新文献
  • 馆藏检索
  • 电子资源
  • 读者导购
  • 参考咨询
  • 我的图书馆
  • 登录
  • 详细信息显示
  • 放入我的书架
  • 预约/预借图书
  • 作者相关作品
  • 分类相关作品
  • 丛书相关作品
  • 出版社相关作品

书目信息

  • 表格格式
  • 工作单格式
  • 卡片格式
题名:
怎样坐好月子
    
 
作者: 王艳琴 , 张健兰 编著
分册:  
出版信息: 北京   金盾出版社  2005.08
页数: 265页
开本: 21cm
丛书名:
单 册:
中图分类: R714.61 , R174
科图分类:
主题词: 产褥期--妇幼保健 , 婴幼儿--保健
电子资源:
ISBN: 978-7-5082-3650-6
000 00850nam0 2200253 450
001 2334353674
005 20231221093336.39
010    @a978-7-5082-3650-6@dCNY 15.00
100    @a20110101d2005 em y0chiy0110 ea
101 0  @achi
102    @aCN@b110000
105    @aa z 000yy
200 1  @a怎样坐好月子@Azen yang zuo hao yue zi@f王艳琴,张健兰编著
210    @a北京@c金盾出版社@d2005.08
215    @a265页@c图@d21cm
330    @a本书共分九章,从坐月子前的准备到分娩方式的选择,从产后基本护理到饮食营养,从新生儿的喂养、穿衣、洗澡、抚触到预防接种常见病症的处理等所有细节都做了具体的阐述。
606 0  @a产褥期@x妇幼保健
606 0  @a婴幼儿@x保健
690    @aR714.61@v5
690    @aR174@v5
701  0 @a王艳琴@Awang yan qin@4编著
701  0 @a张健兰@Azhang jian lan@4编著
801  2 @aCN@b辽宁北配@c20231205
905    @aBZT@dR714.61@e14
    
    怎样坐好月子/王艳琴,张健兰编著.-北京:金盾出版社,2005.08
    265页:图;21cm
    
    
    ISBN 978-7-5082-3650-6:CNY 15.00
    本书共分九章,从坐月子前的准备到分娩方式的选择,从产后基本护理到饮食营养,从新生儿的喂养、穿衣、洗澡、抚触到预防接种常见病症的处理等所有细节都做了具体的阐述。
●
相关链接 在五车中查询图书 在当当中查询图书 在豆瓣中查询图书


正题名:怎样坐好月子     索取号:R714.61/14         预约/预借

序号 登录号 条形码 馆藏地/架位号 状态 备注
1 2001673673   2001673673   516书库/ [索取号:R714.61/14] 在馆    
2 2001673674   2001673674   516书库/ [索取号:R714.61/14] 在馆    
3 2001673675   2001673675   516书库/ [索取号:R714.61/14] 在馆    
4 2001673676   2001673676   516书库/ [索取号:R714.61/14] 在馆    
5 2001673677   2001673677   516书库/ [索取号:R714.61/14] 在馆    
6 2001673678   2001673678   516书库/ [索取号:R714.61/14] 在馆    
7 2001673679   2001673679   516书库/ [索取号:R714.61/14] 在馆    
8 2001673680   2001673680   516书库/ [索取号:R714.61/14] 在馆    
9 2001673681   2001673681   516书库/ [索取号:R714.61/14] 在馆    
10 2001673682   2001673682   516书库/ [索取号:R714.61/14] 在馆    
11 2001673683   2001673683   516书库/ [索取号:R714.61/14] 在馆    
12 2001673684   2001673684   516书库/ [索取号:R714.61/14] 在馆    
13 2001673685   2001673685   516书库/ [索取号:R714.61/14] 在馆    
14 2001673686   2001673686   516书库/ [索取号:R714.61/14] 在馆    
15 2001673687   2001673687   516书库/ [索取号:R714.61/14] 在馆    
16 2001673688   2001673688   516书库/ [索取号:R714.61/14] 在馆    
17 2001673689   2001673689   516书库/ [索取号:R714.61/14] 在馆    
18 2001673690   2001673690   516书库/ [索取号:R714.61/14] 在馆    
19 2001673691   2001673691   516书库/ [索取号:R714.61/14] 在馆    
20 2001673692   2001673692   516书库/ [索取号:R714.61/14] 在馆    
21 2001673693   2001673693   516书库/ [索取号:R714.61/14] 在馆    
22 2001673694   2001673694   516书库/ [索取号:R714.61/14] 在馆    
23 2001673695   2001673695   516书库/ [索取号:R714.61/14] 在馆    
24 2001673696   2001673696   516书库/ [索取号:R714.61/14] 在馆    
25 2001673697   2001673697   516书库/ [索取号:R714.61/14] 在馆    
26 2001673698   2001673698   516书库/ [索取号:R714.61/14] 在馆    
27 2001673699   2001673699   516书库/ [索取号:R714.61/14] 在馆    
28 2001673700   2001673700   516书库/ [索取号:R714.61/14] 在馆    
29 2001673701   2001673701   516书库/ [索取号:R714.61/14] 在馆    
30 2001673702   2001673702   516书库/ [索取号:R714.61/14] 在馆    
山东省滨州职业学院图书馆 欢迎您!
大连网信软件有限公司© 版权所有